000
00234 a2200109 4500
001
121816
020
_a
7898017031178
040
_c
Escola Canadense de Niteroi
090
_a
MP
245
1
0
_a
Material Dourado Individual
942
_c
MATP
999
_c
121816
_d
121816